| 000 | 00574nam a2200157 4500 | ||
|---|---|---|---|
| 999 |
_c15798 _d15798 |
||
| 008 | 201127b ||||| |||| 00| 0 eng d | ||
| 022 | _a0730-3084 | ||
| 082 | _aDPer 613.705 J863 Sept 2015-Apr 2016 v. 86-87 | ||
| 100 |
_a _942630 |
||
| 245 |
_aWhat is the potential of physical education controlling overweight and obesity/ _cEdited by Vicki Ebbeck. |
||
| 260 |
_aPhiladelphia: _bShape America-Society of Health and Physical Educators, _c©Sept 2015-Apr 2016. |
||
| 300 |
_av87, n3, page 55; _c28 cm. |
||
| 500 | _aJORERD | ||
| 650 |
_aObesity. _942634 |
||
| 942 |
_2ddc _cPER |
||